000 00284nam a2200109Ia 4500
008 220204s9999 xx 000 0 und d
082 _a628.511
_bMAL
245 0 _aAnalysis of airborne particles by physical methods
260 _aFlorida
_bCRC
_c1978
700 _aMaliss, H
942 _cBK
999 _c31241
_d31241